| 000 | 00657nam a2200229Ia 4500 | ||
|---|---|---|---|
| 001 | 1705 | ||
| 003 | GE_BSU | ||
| 008 | 181216s||||||||xx |||||||||||||| ||und|| | ||
| 020 | _a97899940425 | ||
| 040 | _cGE_BSU | ||
| 080 | _a821.353.1–93 | ||
| 100 | _aდუმბაძე, ნოდარ | ||
| 245 | _aმზეო, დაბრუნდი, დაბრუნდი. | ||
| 260 | _aთბილისი | ||
| 260 | _bპალიტრა | ||
| 260 | _c2011 | ||
| 300 | _a22 გვ. 20 სმ. | ||
| 541 | _h9 ლ. | ||
| 653 | _aმზეო, დაბრუნდი, დაბრუნდი. | ||
| 653 | _aნოველა | ||
| 942 | _cBK | ||
| 999 |
_c35816 _d35816 |
||